"Das "bewegliche" Vorurteil": Aspekte des internationalen Antisemitismus
| Contributors: | ; |
|---|---|
| Format: | Print Book |
| Language: | German English |
| Published: |
Würzburg
Königshausen und Neumann
[2004]
|
| In: | Year: 2004 |
| Online Access: |
Table of Contents Table of Contents |
| Availability in Tübingen: | Present in Tübingen. IFK: C IX 541 |
| Check availability: | HBZ Gateway |
| Subito Delivery Service: | Order now. |
| Keywords: |
MARC
| LEADER | 00000cam a2200000 c 4500 | ||
|---|---|---|---|
| 001 | 389405809 | ||
| 003 | DE-627 | ||
| 005 | 20260206193720.0 | ||
| 007 | tu | ||
| 008 | 040623s2004 gw ||||| 00| ||ger c | ||
| 015 | |a 04,N50,0338 |2 dnb | ||
| 015 | |a 05,A07,0277 |2 dnb | ||
| 016 | 7 | |a 972760245 |2 DE-101 | |
| 020 | |a 9783826028205 |9 978-3-8260-2820-5 | ||
| 020 | |a 3826028201 |9 3-8260-2820-1 | ||
| 024 | 3 | |a 9783826028205 | |
| 035 | |a (DE-627)389405809 | ||
| 035 | |a (DE-603)124325033 | ||
| 035 | |a (DE-576)115041494 | ||
| 035 | |a (DE-599)GBV389405809 | ||
| 035 | |a (OCoLC)249303043 | ||
| 035 | |a (OCoLC)60603395 | ||
| 035 | |a (DE-H357)his28391 | ||
| 040 | |a DE-627 |b ger |c DE-627 |e rda | ||
| 041 | |a ger |a eng | ||
| 044 | |c XA-DE-BY | ||
| 050 | 0 | |a DS145 | |
| 082 | 0 | |a 300 | |
| 082 | 0 | |a 305.892/4 | |
| 082 | 0 | |a 305.8924 | |
| 082 | 0 | 4 | |a 300 |
| 084 | |a BD 1300 |q BVB |2 rvk |0 (DE-625)rvk/9833: | ||
| 084 | |a MS 3400 |q BVB |2 rvk |0 (DE-625)rvk/123680: | ||
| 084 | |a MC 7400 |2 rvk |0 (DE-625)rvk/122420: | ||
| 084 | |a NY 8000 |2 rvk |0 (DE-625)rvk/132373: | ||
| 084 | |a 15.96 |2 bkl | ||
| 090 | |a a | ||
| 245 | 0 | 5 | |a "Das "bewegliche" Vorurteil" |b Aspekte des internationalen Antisemitismus |c herausgegeben von Christina von Braun und Eva-Maria Ziege |
| 264 | 1 | |a Würzburg |b Königshausen und Neumann |c [2004] | |
| 264 | 4 | |c © 2004 | |
| 300 | |a 244 Seiten |c 235 mm x 155 mm | ||
| 336 | |a Text |b txt |2 rdacontent | ||
| 337 | |a ohne Hilfsmittel zu benutzen |b n |2 rdamedia | ||
| 338 | |a Band |b nc |2 rdacarrier | ||
| 500 | |a Beiträge überwiegend deutsch, zwei Beiträge englisch | ||
| 648 | 7 | |a Geschichte |2 gnd | |
| 650 | 0 | |a Antisemitism | |
| 650 | 0 | |a Prejudices | |
| 650 | 0 | 7 | |0 (DE-588)4002333-3 |0 (DE-627)10639374X |0 (DE-576)208846603 |a Antisemitismus |2 gnd |
| 650 | 4 | |a Antisemitismus | |
| 650 | 4 | |a Antizionismus | |
| 650 | 4 | |a Islamismus | |
| 650 | 4 | |a Israel | |
| 650 | 4 | |a Judentum | |
| 650 | 4 | |a Neonazis | |
| 650 | 4 | |a Rechtsextremismus | |
| 650 | 4 | |a Antisemitismus, Braun, Ziege, Holz, Neumann | |
| 655 | 7 | |a Aufsatzsammlung |0 (DE-588)4143413-4 |0 (DE-627)105605727 |0 (DE-576)209726091 |2 gnd-content | |
| 689 | 0 | 0 | |d s |0 (DE-588)4002333-3 |0 (DE-627)10639374X |0 (DE-576)208846603 |a Antisemitismus |2 gnd |
| 689 | 0 | 1 | |a z |2 gnd |a Geschichte |
| 689 | 0 | |5 DE-101 | |
| 689 | 1 | 0 | |a z |2 gnd |a Geschichte |
| 689 | 1 | |5 (DE-627) | |
| 700 | 1 | |a Braun, Christina von |d 1944- |e HerausgeberIn |0 (DE-588)120231336 |0 (DE-627)08054049X |0 (DE-576)163693889 |4 edt | |
| 700 | 1 | |a Ziege, Eva-Maria |e HerausgeberIn |0 (DE-588)124010903 |0 (DE-627)603774482 |0 (DE-576)185533744 |4 edt | |
| 856 | 4 | 2 | |u https://swbplus.bsz-bw.de/bsz115041494inh.htm |m V:DE-576 |v 2005-03-07 |3 Inhaltsverzeichnis |7 1 |
| 856 | 4 | 2 | |u http://scans.hebis.de/HEBCGI/show.pl?12432503_toc.pdf |m V:DE-603;B:DE-17 |q application/pdf |3 Inhaltsverzeichnis |7 1 |
| 935 | |i sf | ||
| 935 | |i Blocktest | ||
| 936 | r | v | |a BD 1300 |b Allgemeines (auch Antisemitismus allgemein) |k Theologie und Religionswissenschaften |k Judaistik |k Allgemeines |k Judentum und Umwelt |k Allgemeines (auch Antisemitismus allgemein) |0 (DE-627)127064355X |0 (DE-625)rvk/9833: |0 (DE-576)20064355X |
| 936 | r | v | |a MS 3400 |b Juden; Antisemitismus |k Soziologie |k Spezielle Soziologien |k Soziologie der Minoritäten und Randgruppen |k Juden; Antisemitismus |0 (DE-627)1271441039 |0 (DE-625)rvk/123680: |0 (DE-576)201441039 |
| 936 | r | v | |a MC 7400 |b Rassismus, Antisemitismus |k Politologie |k Geschichte der politischen Philosophie und der Ideologien |k Ideologien und Massenbewegungen |k Rassismus, Antisemitismus |0 (DE-627)127099364X |0 (DE-625)rvk/122420: |0 (DE-576)20099364X |
| 936 | r | v | |a NY 8000 |b Geschichte des Antisemitismus |k Geschichte |k Geschichte der Juden |k Geschichte der Juden nach Zeitabschnitten und Ländern |k Geschichte des Antisemitismus |0 (DE-627)1270706780 |0 (DE-625)rvk/132373: |0 (DE-576)200706780 |
| 936 | b | k | |a 15.96 |j Geschichte des jüdischen Volkes außerhalb des Staates Israel |0 (DE-627)106404660 |
| 936 | s | n | |a m100 |2 mzub |
| 936 | s | n | |a m200 |2 mzub |
| 936 | s | n | |a n100 |2 mzub |
| 951 | |a BO | ||
| ELC | |b 1 | ||
| LOK | |0 000 xxxxxcx a22 zn 4500 | ||
| LOK | |0 001 3189665842 | ||
| LOK | |0 003 DE-627 | ||
| LOK | |0 004 389405809 | ||
| LOK | |0 005 20070622150917 | ||
| LOK | |0 008 070622||||||||||||||||ger||||||| | ||
| LOK | |0 040 |a DE-21-110 |c DE-627 |d DE-21-110 | ||
| LOK | |0 541 |e 07/166 | ||
| LOK | |0 689 |a s |a Antisemitismus | ||
| LOK | |0 689 |a s |a International | ||
| LOK | |0 689 |a s |a Nationalsozialismus | ||
| LOK | |0 852 |a DE-21-110 | ||
| LOK | |0 852 1 |c C IX 541 |m p |9 00 | ||
| LOK | |0 936ln |a 10.2 | ||
| LOK | |0 938 |k p | ||
| LOK | |0 939 |a 22-06-07 |b l01 | ||
| ORI | |a SA-MARC-krimdoka001.raw | ||
| SIG | |a IFK: C IX 541 | ||
